[Event "World Chess Olympiad 2018"]
[Site "Batumi"]
[Date "2018.09.27"]
[Round "4"]
[Board "3"]
[WhiteFideId "4001206"]
[White "Linster Philippe"]
[BlackFideId "900290"]
[Black "Kosic Dragan"]
[Result "1/2-1/2"]
[LiveChessVersion "1.4.8"]
[BlackElo "2465"]
[WhiteElo "2273"]

1. d4 {[%clk 1:30:57]} e6 {[%clk 1:30:31]} 2. c4 {[%clk 1:31:19]} Nf6
{[%clk 1:30:08]} 3. g3 {[%clk 1:31:31]} Bb4+ {[%clk 1:28:55]} 4. Bd2
{[%clk 1:31:21]} Bxd2+ {[%clk 1:26:44]} 5. Qxd2 {[%clk 1:31:43]} O-O
{[%clk 1:27:08]} 6. Bg2 {[%clk 1:31:19]} d6 {[%clk 1:27:32]} 7. e4
{[%clk 1:24:09]} e5 {[%clk 1:26:15]} 8. Nc3 {[%clk 1:17:35]} exd4
{[%clk 1:23:34]} 9. Qxd4 {[%clk 1:17:58]} Nc6 {[%clk 1:23:54]} 10. Qd2
{[%clk 1:17:53]} Re8 {[%clk 1:21:36]} 11. Nge2 {[%clk 1:08:30]} Ne5
{[%clk 1:18:44]} 12. b3 {[%clk 1:08:29]} Bh3 {[%clk 1:15:45]} 13. O-O
{[%clk 1:08:43]} Bxg2 {[%clk 1:09:11]} 14. Kxg2 {[%clk 1:09:11]} a6
{[%clk 1:09:15]} 15. f3 {[%clk 1:07:32]} Rb8 {[%clk 1:06:25]} 16. Nd4
{[%clk 1:00:53]} Nc6 {[%clk 1:01:09]} 17. Nf5 {[%clk 0:52:27]} Ne7
{[%clk 1:00:37]} 18. Ne3 {[%clk 0:47:36]} Qd7 {[%clk 0:45:41]} 19. Rfd1
{[%clk 0:45:08]} Rbd8 {[%clk 0:45:16]} 20. Rac1 {[%clk 0:32:33]} c6
{[%clk 0:42:53]} 21. Qd4 {[%clk 0:28:22]} Qe6 {[%clk 0:40:56]} 22. Re1
{[%clk 0:25:44]} Qe5 {[%clk 0:37:56]} 23. Rcd1 {[%clk 0:25:18]} Qa5
{[%clk 0:37:39]} 24. Qd2 {[%clk 0:19:23]} b5 {[%clk 0:34:16]} 25. b4
{[%clk 0:16:35]} Qc7 {[%clk 0:28:43]} 26. cxb5 {[%clk 0:10:29]} axb5
{[%clk 0:29:05]} 27. Qc2 {[%clk 0:08:56]} Qa7 {[%clk 0:20:49]} 28. Qd2
{[%clk 0:07:35]} Qb8 {[%clk 0:18:26]} 29. Qd4 {[%clk 0:07:25]} h6
{[%clk 0:18:07]} 30. Nf5 {[%clk 0:06:35]} Nxf5 {[%clk 0:17:02]} 31. exf5
{[%clk 0:07:04]} d5 {[%clk 0:16:16]} 32. a4 {[%clk 0:06:30]} bxa4
{[%clk 0:13:34]} 33. Nxa4 {[%clk 0:06:59]} Qa8 {[%clk 0:09:58]} 34. Nc3
{[%clk 0:06:55]} Qa3 {[%clk 0:10:10]} 35. Rxe8+ {[%clk 0:05:44]} Rxe8
{[%clk 0:10:33]} 36. Rd2 {[%clk 0:04:21]} Qc1 {[%clk 0:08:56]} 37. Re2
{[%clk 0:04:07]} Rxe2+ {[%clk 0:08:47]} 38. Nxe2 {[%clk 0:04:36]} Qc2
{[%clk 0:09:01]} 39. Qf2 {[%clk 0:02:30]} Qxf5 {[%clk 0:01:08]} 40. Nd4
{[%clk 0:32:29]} Qd3 41. Nxc6 {[%clk 0:30:26]} Qc4 {[%clk 0:28:19]} 42. Qc5
{[%clk 0:27:40]} Qe2+ {[%clk 0:27:12]} 43. Qf2 {[%clk 0:28:03]} Qc4
{[%clk 0:27:11]} 44. Qc5 {[%clk 0:28:28]} Qe2+ {[%clk 0:26:22]} 45. Qf2
{[%clk 0:28:53]} Qc4 {[%clk 0:26:47]} 1/2-1/2

[Event "World Chess Olympiad 2018"]
[Site "Batumi"]
[Date "2018.09.27"]
[Round "4"]
[Board "4"]
[WhiteFideId "921815"]
[White "Kalezic Blazo"]
[BlackFideId "4000803"]
[Black "Jeitz Christian"]
[Result "1-0"]
[LiveChessVersion "1.4.8"]
[BlackElo "2220"]
[WhiteElo "2448"]

1. e4 {[%clk 1:30:56]} c5 {[%clk 1:30:55]} 2. Nf3 {[%clk 1:31:14]} e6
{[%clk 1:31:17]} 3. d3 {[%clk 1:29:13]} Nc6 {[%clk 1:31:02]} 4. g3
{[%clk 1:29:09]} Nf6 {[%clk 1:30:12]} 5. Bg2 {[%clk 1:28:45]} d5 {[%clk 1:29:52]}
6. Nbd2 {[%clk 1:29:03]} Be7 {[%clk 1:29:00]} 7. O-O {[%clk 1:29:15]} O-O
{[%clk 1:29:01]} 8. e5 {[%clk 1:28:54]} Nd7 {[%clk 1:29:08]} 9. Re1
{[%clk 1:29:16]} b5 {[%clk 1:22:29]} 10. Nf1 {[%clk 1:28:50]} b4 {[%clk 1:21:26]}
11. h4 {[%clk 1:28:44]} a5 {[%clk 1:18:04]} 12. N1h2 {[%clk 1:23:21]} a4
{[%clk 1:10:56]} 13. a3 {[%clk 1:23:21]} bxa3 {[%clk 0:53:56]} 14. bxa3
{[%clk 1:23:37]} Qc7 {[%clk 0:53:55]} 15. Bf4 {[%clk 1:22:57]} Nd4
{[%clk 0:38:13]} 16. Ng5 {[%clk 1:08:02]} h6 {[%clk 0:32:30]} 17. Nh3
{[%clk 1:05:53]} Bb7 {[%clk 0:29:41]} 18. Ng4 {[%clk 0:36:33]} Nf5
{[%clk 0:26:25]} 19. Rb1 {[%clk 0:27:59]} Bc6 {[%clk 0:22:53]} 20. Qd2
{[%clk 0:22:49]} Kh7 {[%clk 0:21:04]} 21. Ne3 {[%clk 0:20:41]} Nxe3
{[%clk 0:20:16]} 22. Qxe3 {[%clk 0:20:19]} Rfb8 {[%clk 0:17:10]} 23. c4
{[%clk 0:18:29]} d4 {[%clk 0:15:17]} 24. Be4+ {[%clk 0:18:32]} Kg8
{[%clk 0:14:52]} 25. Qf3 {[%clk 0:18:51]} Bxe4 {[%clk 0:12:05]} 26. Qxe4
{[%clk 0:16:59]} Ra6 {[%clk 0:12:26]} 27. Rxb8+ {[%clk 0:10:35]} Qxb8
{[%clk 0:12:53]} 28. Bc1 {[%clk 0:08:16]} Rb6 {[%clk 0:12:06]} 29. f4
{[%clk 0:07:59]} Qb7 {[%clk 0:11:34]} 30. Qe2 {[%clk 0:08:08]} Bf8
{[%clk 0:10:00]} 31. Nf2 {[%clk 0:07:54]} g6 {[%clk 0:06:25]} 32. h5
{[%clk 0:07:31]} Bg7 {[%clk 0:06:27]} 33. Ne4 {[%clk 0:05:11]} Qc6
{[%clk 0:04:35]} 34. hxg6 {[%clk 0:04:04]} fxg6 {[%clk 0:05:01]} 35. Qg4
{[%clk 0:02:53]} Nf8 {[%clk 0:04:47]} 36. Qh4 {[%clk 0:01:58]} Rb3
{[%clk 0:03:14]} 37. Qh1 {[%clk 0:01:27]} Qc7 {[%clk 0:01:55]} 38. Qf3
{[%clk 0:01:17]} Nd7 {[%clk 0:01:59]} 39. Nd6 {[%clk 0:00:45]} Qa5
{[%clk 0:01:05]} 40. Rd1 {[%clk 0:30:43]} Qa6 {[%clk 0:30:41]} 41. Qe4
{[%clk 0:26:17]} Nf8 {[%clk 0:25:28]} 42. g4 {[%clk 0:25:00]} Qa7
{[%clk 0:16:02]} 43. f5 {[%clk 0:14:05]} Qe7 {[%clk 0:11:56]} 44. f6
{[%clk 0:09:42]} Bxf6 {[%clk 0:12:21]} 45. Nc8 {[%clk 0:09:14]} Qc7
{[%clk 0:12:03]} 46. exf6 {[%clk 0:09:34]} Qxc8 {[%clk 0:12:19]} 47. f7+
{[%clk 0:09:41]} Kxf7 {[%clk 0:07:24]} 48. Rf1+ {[%clk 0:07:49]} Ke7
{[%clk 0:07:03]} 49. Bxh6 {[%clk 0:08:13]} Nd7 {[%clk 0:07:04]} 50. Qxg6
{[%clk 0:07:51]} Rb2 {[%clk 0:02:34]} 51. Rf7+ {[%clk 0:04:50]} Kd8
{[%clk 0:00:54]} 52. Bf4 {[%clk 0:03:50]} e5 {[%clk 0:00:43]} 53. Bxe5
{[%clk 0:03:42]} Rb1+ {[%clk 0:00:44]} 54. Kh2 {[%clk 0:03:44]} Rb2+
{[%clk 0:00:40]} 55. Kh3 {[%clk 0:04:03]} 1-0

[Event "World Chess Olympiad 2018"]
[Site "Batumi"]
[Date "2018.09.27"]
[Round "4"]
[Board "1"]
[WhiteFideId "4800192"]
[White "Al-Ali Hussein Ali Hussein"]
[BlackFideId "14918781"]
[Black "Repka Christopher"]
[Result "1-0"]
[LiveChessVersion "1.4.8"]
[BlackElo "2523"]
[WhiteElo "2273"]

1. e4 {[%clk 1:30:55]} c5 {[%clk 1:30:57]} 2. Nf3 {[%clk 1:31:18]} d6
{[%clk 1:31:20]} 3. c3 {[%clk 1:31:31]} Nf6 {[%clk 1:31:46]} 4. Be2
{[%clk 1:31:55]} g6 {[%clk 1:32:12]} 5. O-O {[%clk 1:32:18]} Bg7 {[%clk 1:32:39]}
6. Bb5+ {[%clk 1:29:09]} Nbd7 {[%clk 1:31:13]} 7. Re1 {[%clk 1:29:31]} a6
{[%clk 1:30:56]} 8. Bf1 {[%clk 1:29:50]} O-O {[%clk 1:29:47]} 9. d4
{[%clk 1:30:12]} cxd4 {[%clk 1:28:18]} 10. cxd4 {[%clk 1:27:41]} e5
{[%clk 1:28:46]} 11. d5 {[%clk 1:26:25]} b5 {[%clk 1:28:43]} 12. h3
{[%clk 1:24:46]} Nc5 {[%clk 1:26:02]} 13. Bg5 {[%clk 1:16:43]} h6
{[%clk 1:17:24]} 14. Bxf6 {[%clk 1:17:02]} Qxf6 {[%clk 1:16:43]} 15. Nc3
{[%clk 1:16:35]} b4 {[%clk 1:09:02]} 16. Na4 {[%clk 1:16:44]} Nxa4
{[%clk 1:09:23]} 17. Qxa4 {[%clk 1:17:08]} Bxh3 {[%clk 1:09:32]} 18. Qxb4
{[%clk 1:16:35]} Bg4 {[%clk 1:08:06]} 19. Nd2 {[%clk 1:16:11]} Qg5
{[%clk 1:02:46]} 20. Re3 {[%clk 1:14:20]} Rad8 {[%clk 0:58:26]} 21. Bxa6
{[%clk 1:10:09]} f5 {[%clk 0:56:13]} 22. a4 {[%clk 1:07:43]} h5 {[%clk 0:54:47]}
23. Qa3 {[%clk 1:03:51]} Bh6 {[%clk 0:50:07]} 24. Rae1 {[%clk 0:59:19]} Qe7
{[%clk 0:37:00]} 25. Bf1 {[%clk 0:53:04]} Bxe3 {[%clk 0:34:41]} 26. Rxe3
{[%clk 0:53:01]} Rc8 {[%clk 0:31:37]} 27. Rc3 {[%clk 0:51:17]} Rxc3
{[%clk 0:28:16]} 28. Qxc3 {[%clk 0:51:33]} f4 {[%clk 0:28:42]} 29. a5
{[%clk 0:50:57]} Rc8 {[%clk 0:25:25]} 30. Nc4 {[%clk 0:47:06]} f3
{[%clk 0:24:09]} 31. gxf3 {[%clk 0:47:24]} Bd7 {[%clk 0:24:35]} 32. Qe3
{[%clk 0:46:47]} Kh7 {[%clk 0:18:42]} 33. Nb6 {[%clk 0:41:15]} Rb8
{[%clk 0:14:04]} 34. b4 {[%clk 0:36:08]} Be8 {[%clk 0:13:37]} 35. f4
{[%clk 0:35:42]} Bd7 {[%clk 0:12:42]} 36. fxe5 {[%clk 0:34:22]} dxe5
{[%clk 0:13:08]} 37. b5 {[%clk 0:29:36]} Bg4 {[%clk 0:04:59]} 38. f3
{[%clk 0:25:58]} Bxf3 {[%clk 0:00:35]} 39. Qxf3 {[%clk 0:26:12]} Rf8
{[%clk 0:01:02]} 40. Qe3 {[%clk 0:54:13]} Rf4 {[%clk 0:31:28]} 41. Nc4
{[%clk 0:54:10]} h4 {[%clk 0:14:46]} 42. d6 {[%clk 0:54:13]} Qe6 {[%clk 0:14:24]}
43. Be2 {[%clk 0:52:54]} h3 {[%clk 0:09:10]} 44. Qa7+ {[%clk 0:52:23]} Rf7
{[%clk 0:08:14]} 45. Qe3 {[%clk 0:52:25]} Rf4 {[%clk 0:07:55]} 46. d7
{[%clk 0:50:34]} Qe7 {[%clk 0:06:38]} 47. Qxh3+ {[%clk 0:50:11]} Kg7
{[%clk 0:07:04]} 48. Qg3 {[%clk 0:45:31]} Qxd7 {[%clk 0:04:24]} 49. Qxg6+
{[%clk 0:44:43]} Kh8 {[%clk 0:04:46]} 50. Qh5+ {[%clk 0:44:06]} Kg8
{[%clk 0:04:48]} 51. Qg5+ {[%clk 0:42:26]} Kf8 {[%clk 0:04:33]} 52. Qxe5
{[%clk 0:42:20]} Rf7 {[%clk 0:04:58]} 53. Qd6+ {[%clk 0:42:32]} 1-0

[Event "World Chess Olympiad 2018"]
[Site "Batumi"]
[Date "2018.09.27"]
[Round "4"]
[Board "2"]
[WhiteFideId "14907518"]
[White "Jurcik Marian"]
[BlackFideId "4800249"]
[Black "Noah A .H. Al-Ali"]
[Result "1-0"]
[LiveChessVersion "1.4.8"]
[BlackElo "2276"]
[WhiteElo "2451"]

1. c4 {[%clk 1:30:23]} e5 {[%clk 1:29:17]} 2. Nc3 {[%clk 1:30:21]} Nf6
{[%clk 1:29:24]} 3. Nf3 {[%clk 1:30:37]} Nc6 {[%clk 1:16:57]} 4. e4
{[%clk 1:29:51]} d6 {[%clk 0:46:49]} 5. d4 {[%clk 1:29:09]} Bg4 {[%clk 0:47:00]}
6. d5 {[%clk 1:27:54]} Nd4 {[%clk 0:45:28]} 7. Be3 {[%clk 1:27:09]} Be7
{[%clk 0:21:52]} 8. Bxd4 {[%clk 1:17:59]} exd4 {[%clk 0:21:30]} 9. Qxd4
{[%clk 1:18:24]} Bxf3 {[%clk 0:20:47]} 10. gxf3 {[%clk 1:18:53]} Nh5
{[%clk 0:19:27]} 11. e5 {[%clk 1:14:27]} Bg5 {[%clk 0:15:01]} 12. Qg4
{[%clk 0:25:07]} g6 {[%clk 0:12:27]} 13. e6 {[%clk 0:24:56]} O-O {[%clk 0:10:17]}
14. Rg1 {[%clk 0:24:37]} h6 {[%clk 0:08:07]} 15. h4 {[%clk 0:23:00]} f5
{[%clk 0:07:24]} 16. Qg2 {[%clk 0:22:28]} Nf4 {[%clk 0:06:48]} 17. Qh2
{[%clk 0:21:15]} Kg7 {[%clk 0:04:45]} 18. hxg5 {[%clk 0:21:06]} hxg5
{[%clk 0:05:13]} 19. Rh1 {[%clk 0:16:48]} Nh5 {[%clk 0:02:46]} 20. O-O-O
{[%clk 0:12:57]} Rh8 {[%clk 0:02:35]} 21. Be2 {[%clk 0:09:56]} Qf6
{[%clk 0:02:19]} 22. Qg1 {[%clk 0:09:31]} Nf4 {[%clk 0:02:24]} 23. Rxh8
{[%clk 0:09:15]} Rxh8 {[%clk 0:02:53]} 24. Qe1 {[%clk 0:09:15]} a6
{[%clk 0:01:57]} 25. Bf1 {[%clk 0:09:18]} Kf8 {[%clk 0:01:52]} 26. Qe3
{[%clk 0:09:33]} b6 {[%clk 0:02:00]} 27. Ne2 {[%clk 0:09:01]} Rh2
{[%clk 0:02:16]} 28. Nxf4 {[%clk 0:02:54]} gxf4 {[%clk 0:02:44]} 29. Qd2
{[%clk 0:03:01]} a5 {[%clk 0:01:22]} 30. Re1 {[%clk 0:03:06]} Ke7
{[%clk 0:01:42]} 31. Qxf4 {[%clk 0:02:02]} Rxf2 {[%clk 0:01:37]} 32. Be2
{[%clk 0:02:32]} Rg2 {[%clk 0:01:35]} 33. Qh6 {[%clk 0:01:48]} Qg5+
{[%clk 0:00:50]} 34. Qxg5+ {[%clk 0:02:11]} Rxg5 {[%clk 0:01:11]} 35. Rh1
{[%clk 0:02:33]} Rg2 {[%clk 0:01:27]} 36. Rh7+ {[%clk 0:02:20]} 1-0

[Event "World Chess Olympiad 2018"]
[Site "Batumi"]
[Date "2018.09.27"]
[Round "4"]
[Board "3"]
[WhiteFideId "4801040"]
[White "Al-Saffar Araz Basim Mohammed S"]
[BlackFideId "14901625"]
[Black "Petrik Tomas"]
[Result "0-1"]
[LiveChessVersion "1.4.8"]
[BlackElo "2481"]
[WhiteElo "2400"]

1. d4 {[%clk 1:30:39]} e6 {[%clk 1:30:32]} 2. c4 {[%clk 1:30:35]} Nf6
{[%clk 1:30:49]} 3. Nf3 {[%clk 1:30:33]} d5 {[%clk 1:29:17]} 4. Nc3
{[%clk 1:30:48]} c5 {[%clk 1:28:06]} 5. cxd5 {[%clk 1:28:33]} Nxd5
{[%clk 1:27:23]} 6. e4 {[%clk 1:26:21]} Nxc3 {[%clk 1:27:15]} 7. bxc3
{[%clk 1:26:46]} cxd4 {[%clk 1:27:02]} 8. cxd4 {[%clk 1:27:07]} Bb4+
{[%clk 1:26:44]} 9. Bd2 {[%clk 1:27:33]} Bxd2+ {[%clk 1:26:48]} 10. Qxd2
{[%clk 1:27:58]} O-O {[%clk 1:25:40]} 11. Be2 {[%clk 1:21:21]} b6
{[%clk 1:22:02]} 12. O-O {[%clk 1:20:10]} Bb7 {[%clk 1:21:58]} 13. Qe3
{[%clk 1:19:57]} Nd7 {[%clk 1:16:44]} 14. e5 {[%clk 1:14:37]} Qe7
{[%clk 0:42:00]} 15. Nd2 {[%clk 1:12:32]} Bd5 {[%clk 0:23:48]} 16. Bc4
{[%clk 1:03:22]} Bxc4 {[%clk 0:09:41]} 17. Nxc4 {[%clk 1:02:22]} b5
{[%clk 0:09:46]} 18. Nd6 {[%clk 1:02:18]} a6 {[%clk 0:10:02]} 19. f4
{[%clk 0:42:32]} f6 {[%clk 0:10:07]} 20. Rac1 {[%clk 0:39:46]} Nb6
{[%clk 0:09:03]} 21. Rc5 {[%clk 0:37:19]} Nd5 {[%clk 0:08:12]} 22. Qe4
{[%clk 0:37:45]} fxe5 {[%clk 0:07:02]} 23. dxe5 {[%clk 0:37:26]} Qa7
{[%clk 0:06:40]} 24. Qd4 {[%clk 0:32:00]} Nxf4 {[%clk 0:06:03]} 25. Rf2
{[%clk 0:31:45]} Nd3 {[%clk 0:04:49]} 26. Rxf8+ {[%clk 0:31:29]} Rxf8
{[%clk 0:01:20]} 27. Rd5 {[%clk 0:30:19]} Nc1 {[%clk 0:00:59]} 28. Qxa7
{[%clk 0:29:19]} Ne2+ {[%clk 0:01:24]} 29. Kh1 {[%clk 0:29:46]} Rf1+
{[%clk 0:01:50]} 30. Qg1 {[%clk 0:30:13]} Rxg1# {[%clk 0:02:14]} 0-1

[Event "World Chess Olympiad 2018"]
[Site "Batumi"]
[Date "2018.09.27"]
[Round "4"]
[Board "4"]
[WhiteFideId "14923432"]
[White "Nayhebaver Martin"]
[BlackFideId "4801849"]
[Black "Abdulwahhab Ahmed Abdulsattar A"]
[Result "1/2-1/2"]
[LiveChessVersion "1.4.8"]
[BlackElo "2271"]
[WhiteElo "2466"]

1. e4 {[%clk 1:30:50]} c5 {[%clk 1:30:47]} 2. Nf3 {[%clk 1:30:50]} e6
{[%clk 1:31:02]} 3. d4 {[%clk 1:30:56]} cxd4 {[%clk 1:31:24]} 4. Nxd4
{[%clk 1:31:20]} a6 {[%clk 1:31:46]} 5. Bd3 {[%clk 1:31:06]} Nf6 {[%clk 1:31:44]}
6. O-O {[%clk 1:31:07]} Qc7 {[%clk 1:31:24]} 7. Qe2 {[%clk 1:30:51]} d6
{[%clk 1:31:23]} 8. c4 {[%clk 1:30:38]} g6 {[%clk 1:30:56]} 9. Nc3
{[%clk 1:29:55]} Bg7 {[%clk 1:31:13]} 10. Be3 {[%clk 1:29:25]} O-O
{[%clk 1:30:22]} 11. Rac1 {[%clk 1:28:38]} b6 {[%clk 1:25:18]} 12. Rfd1
{[%clk 1:27:47]} Bb7 {[%clk 1:25:04]} 13. f3 {[%clk 1:27:50]} Nbd7
{[%clk 1:24:45]} 14. Qd2 {[%clk 1:27:35]} Rfd8 {[%clk 1:21:28]} 15. Bf1
{[%clk 1:27:01]} Rac8 {[%clk 1:20:40]} 16. b3 {[%clk 1:22:09]} Qb8
{[%clk 1:16:37]} 17. Nde2 {[%clk 1:14:55]} Bf8 {[%clk 1:09:48]} 18. Bf4
{[%clk 1:11:46]} Ne5 {[%clk 1:01:00]} 19. Bg5 {[%clk 1:08:14]} Be7
{[%clk 0:56:08]} 20. Qe1 {[%clk 1:00:01]} Ned7 {[%clk 0:48:57]} 21. Nd4
{[%clk 0:56:44]} Re8 {[%clk 0:43:56]} 22. Qh4 {[%clk 0:55:13]} Bd8
{[%clk 0:41:05]} 23. b4 {[%clk 0:48:38]} Nh5 {[%clk 0:38:02]} 24. Bxd8
{[%clk 0:43:12]} Rcxd8 {[%clk 0:37:49]} 25. Nc2 {[%clk 0:42:24]} Bc6
{[%clk 0:31:21]} 26. Qf2 {[%clk 0:37:38]} Ng7 {[%clk 0:29:28]} 27. Rd2
{[%clk 0:34:21]} Nf8 {[%clk 0:25:40]} 28. Rcd1 {[%clk 0:32:05]} Re7
{[%clk 0:19:46]} 29. c5 {[%clk 0:31:27]} bxc5 {[%clk 0:18:02]} 30. bxc5
{[%clk 0:31:52]} Red7 {[%clk 0:17:56]} 31. cxd6 {[%clk 0:27:47]} Rxd6
{[%clk 0:17:25]} 32. Rxd6 {[%clk 0:27:29]} Rxd6 {[%clk 0:17:47]} 33. Rxd6
{[%clk 0:27:34]} Qxd6 {[%clk 0:18:09]} 34. Bxa6 {[%clk 0:27:51]} e5
{[%clk 0:11:58]} 35. Bc4 {[%clk 0:19:19]} Nd7 {[%clk 0:10:19]} 36. Bd5
{[%clk 0:15:03]} Ne6 {[%clk 0:10:01]} 37. Bxe6 {[%clk 0:11:37]} Qxe6
{[%clk 0:09:13]} 38. Nb4 {[%clk 0:11:54]} Qc4 {[%clk 0:08:54]} 39. Nbd5
{[%clk 0:10:16]} Bxd5 {[%clk 0:07:50]} 40. Nxd5 {[%clk 0:40:44]} Qc1+
{[%clk 0:38:08]} 41. Qf1 {[%clk 0:41:12]} Qb2 {[%clk 0:38:10]} 42. Qc4
{[%clk 0:41:25]} Nb6 {[%clk 0:37:30]} 43. Qb3 {[%clk 0:27:27]} Qc1+
{[%clk 0:37:28]} 44. Kf2 {[%clk 0:27:46]} Qd2+ {[%clk 0:30:59]} 45. Kf1
{[%clk 0:26:04]} Qc1+ {[%clk 0:30:52]} 46. Ke2 {[%clk 0:26:28]} Nxd5
{[%clk 0:31:03]} 47. exd5 {[%clk 0:26:05]} Kg7 {[%clk 0:29:58]} 48. d6
{[%clk 0:17:35]} Qg1 {[%clk 0:29:23]} 49. Qd1 {[%clk 0:02:53]} Qxg2+
{[%clk 0:29:37]} 50. Ke3 {[%clk 0:03:19]} Qxh2 {[%clk 0:15:11]} 51. d7
{[%clk 0:03:41]} Qf4+ {[%clk 0:15:33]} 52. Ke2 {[%clk 0:03:16]} Qh2+
{[%clk 0:15:23]} 53. Kd3 {[%clk 0:02:27]} Qh4 {[%clk 0:15:39]} 54. Kc3
{[%clk 0:02:50]} Qd8 {[%clk 0:15:59]} 55. Qd6 {[%clk 0:02:35]} f6
{[%clk 0:13:52]} 56. Kd3 {[%clk 0:02:26]} h5 {[%clk 0:14:09]} 57. Ke2
{[%clk 0:01:24]} Kf7 {[%clk 0:14:26]} 58. a4 {[%clk 0:01:16]} h4 {[%clk 0:14:52]}
59. Kf2 {[%clk 0:01:19]} f5 {[%clk 0:15:00]} 60. a5 {[%clk 0:01:07]} e4
{[%clk 0:14:51]} 61. a6 {[%clk 0:00:59]} h3 {[%clk 0:10:24]} 62. a7
{[%clk 0:01:24]} Qh4+ {[%clk 0:10:26]} 63. Ke3 {[%clk 0:01:01]} Qe1+
{[%clk 0:08:52]} 64. Kd4 {[%clk 0:00:47]} Qd2+ {[%clk 0:09:04]} 65. Ke5
{[%clk 0:00:40]} Qc3+ {[%clk 0:07:56]} 66. Qd4 {[%clk 0:01:09]} Qc7+
{[%clk 0:08:17]} 67. Qd6 {[%clk 0:01:38]} Qc3+ {[%clk 0:08:24]} 68. Kd5
{[%clk 0:02:06]} Qd3+ {[%clk 0:08:12]} 69. Kc5 {[%clk 0:00:55]} Qa3+
{[%clk 0:08:35]} 70. Kd5 {[%clk 0:00:38]} Qd3+ {[%clk 0:08:57]} 71. Kc5
{[%clk 0:00:35]} Qa3+ {[%clk 0:09:19]} 1/2-1/2

[Event "World Chess Olympiad 2018"]
[Site "Batumi"]
[Date "2018.09.27"]
[Round "4"]
[Board "1"]
[WhiteFideId "5901871"]
[White "Michaelides Konstantinos"]
[BlackFideId "14114496"]
[Black "Yarmonov Igor"]
[Result "1/2-1/2"]
[LiveChessVersion "1.4.8"]
[BlackElo "2376"]
[WhiteElo "2209"]

1. d4 {[%clk 1:30:47]} d5 {[%clk 1:30:35]} 2. c4 {[%clk 1:30:59]} dxc4
{[%clk 1:30:44]} 3. Nf3 {[%clk 1:30:44]} Nf6 {[%clk 1:30:54]} 4. e3
{[%clk 1:30:32]} Be6 {[%clk 1:31:20]} 5. Nbd2 {[%clk 1:26:15]} c5
{[%clk 1:31:34]} 6. Bxc4 {[%clk 1:23:17]} Bxc4 {[%clk 1:31:54]} 7. Nxc4
{[%clk 1:21:47]} Nc6 {[%clk 1:32:19]} 8. O-O {[%clk 1:18:18]} cxd4
{[%clk 1:32:13]} 9. exd4 {[%clk 1:16:23]} e6 {[%clk 1:32:37]} 10. Bg5
{[%clk 1:09:53]} Be7 {[%clk 1:32:51]} 11. Nce5 {[%clk 1:08:38]} O-O
{[%clk 1:33:06]} 12. Nxc6 {[%clk 1:06:41]} bxc6 {[%clk 1:33:30]} 13. Rc1
{[%clk 1:03:52]} Qd5 {[%clk 1:31:10]} 14. Qa4 {[%clk 0:59:32]} Rfc8
{[%clk 1:31:10]} 15. Rfe1 {[%clk 0:53:28]} Qb5 {[%clk 1:23:37]} 16. Qxb5
{[%clk 0:47:33]} cxb5 {[%clk 1:24:03]} 17. Kf1 {[%clk 0:38:12]} Bb4
{[%clk 1:24:14]} 18. Rxc8+ {[%clk 0:35:40]} Rxc8 {[%clk 1:24:40]} 19. Rc1
{[%clk 0:35:21]} Rxc1+ {[%clk 1:24:54]} 20. Bxc1 {[%clk 0:35:49]} Bd6
{[%clk 1:22:40]} 21. Ke2 {[%clk 0:32:08]} Nd5 {[%clk 1:22:40]} 22. Bd2
{[%clk 0:23:52]} Kf8 {[%clk 1:22:17]} 23. g3 {[%clk 0:22:51]} Ke7
{[%clk 1:20:54]} 24. Kd3 {[%clk 0:19:25]} f6 {[%clk 1:20:44]} 25. Ne1
{[%clk 0:16:06]} Kd7 {[%clk 1:16:52]} 26. Ng2 {[%clk 0:14:20]} f5
{[%clk 1:17:03]} 27. Ne3 {[%clk 0:08:05]} Ne7 {[%clk 1:10:22]} 28. Nc2
{[%clk 0:06:58]} Bc7 {[%clk 1:08:12]} 29. Bb4 {[%clk 0:06:01]} Nd5
{[%clk 1:06:46]} 30. Bd2 {[%clk 0:06:29]} Bb6 {[%clk 1:06:14]} 31. Ne3
{[%clk 0:05:20]} Ne7 {[%clk 0:47:04]} 32. Nc2 {[%clk 0:03:41]} g6
{[%clk 0:47:15]} 33. Bb4 {[%clk 0:02:53]} Nc6 {[%clk 0:46:08]} 34. Be1
{[%clk 0:02:19]} g5 {[%clk 0:37:20]} 35. h3 {[%clk 0:01:22]} h5 {[%clk 0:35:28]}
36. Bd2 {[%clk 0:01:40]} g4 {[%clk 0:35:26]} 37. hxg4 {[%clk 0:02:04]} hxg4
{[%clk 0:35:39]} 38. Be3 {[%clk 0:01:58]} Ne7 {[%clk 0:32:31]} 39. Bd2
{[%clk 0:01:41]} e5 {[%clk 0:32:26]} 40. Be3 {[%clk 0:30:39]} e4+
{[%clk 1:00:58]} 41. Ke2 {[%clk 0:28:03]} Nd5 {[%clk 0:57:23]} 42. Na3
{[%clk 0:22:55]} Kc6 {[%clk 0:56:02]} 43. Nc2 {[%clk 0:21:37]} Bd8
{[%clk 0:45:21]} 44. Bd2 {[%clk 0:20:15]} Kd6 {[%clk 0:45:07]} 45. Ne3
{[%clk 0:14:29]} Ke6 {[%clk 0:45:33]} 46. Nc2 {[%clk 0:12:05]} Be7
{[%clk 0:37:23]} 47. Bc1 {[%clk 0:09:42]} a5 {[%clk 0:35:45]} 48. Bd2
{[%clk 0:06:28]} a4 {[%clk 0:35:34]} 49. b3 {[%clk 0:05:17]} Bd6 {[%clk 0:34:06]}
50. Ne3 {[%clk 0:03:58]} Nxe3 {[%clk 0:31:19]} 51. Kxe3 {[%clk 0:03:30]} Be7
{[%clk 0:31:30]} 52. Ba5 {[%clk 0:02:25]} Bg5+ {[%clk 0:30:21]} 53. Ke2
{[%clk 0:02:54]} Kd5 {[%clk 0:27:17]} 54. Bb6 {[%clk 0:03:23]} f4
{[%clk 0:20:39]} 55. gxf4 {[%clk 0:03:37]} Bxf4 {[%clk 0:20:54]} 56. Bc5
{[%clk 0:02:02]} axb3 {[%clk 0:19:26]} 57. axb3 {[%clk 0:02:31]} Bc1
{[%clk 0:13:43]} 58. Ba7 {[%clk 0:02:16]} Bh6 {[%clk 0:13:00]} 59. Bc5
{[%clk 0:02:22]} e3 {[%clk 0:13:04]} 60. fxe3 {[%clk 0:02:17]} Ke4
{[%clk 0:13:29]} 61. d5 {[%clk 0:00:47]} Kxd5 {[%clk 0:13:47]} 62. Bb6
{[%clk 0:00:34]} Ke4 {[%clk 0:13:53]} 63. Bc5 {[%clk 0:00:34]} g3
{[%clk 0:11:58]} 64. Bd6 {[%clk 0:00:33]} g2 {[%clk 0:12:01]} 65. Kf2
{[%clk 0:01:02]} Bxe3+ {[%clk 0:11:55]} 66. Kxg2 {[%clk 0:01:31]} Bd2
{[%clk 0:11:41]} 67. Kf2 {[%clk 0:01:32]} Kd3 {[%clk 0:12:06]} 68. Be7
{[%clk 0:01:27]} Bc3 {[%clk 0:12:28]} 69. Bd6 {[%clk 0:00:52]} Kc2
{[%clk 0:12:49]} 70. Ke2 {[%clk 0:00:38]} Kxb3 {[%clk 0:12:01]} 71. Kd1
{[%clk 0:00:48]} Bb2 {[%clk 0:09:54]} 72. Be7 {[%clk 0:01:04]} Ba3
{[%clk 0:05:56]} 73. Bg5 {[%clk 0:01:22]} Bb2 {[%clk 0:04:19]} 74. Be7
{[%clk 0:01:46]} Ka2 {[%clk 0:03:55]} 75. Bb4 {[%clk 0:02:04]} Ba3
{[%clk 0:04:01]} 76. Bd2 {[%clk 0:01:52]} Kb2 {[%clk 0:03:54]} 77. Bc1+
{[%clk 0:01:26]} Kb3 {[%clk 0:03:59]} 78. Bd2 {[%clk 0:01:54]} Bb2
{[%clk 0:03:41]} 79. Be1 {[%clk 0:01:35]} Bc3 {[%clk 0:03:55]} 80. Bh4
{[%clk 0:01:44]} Ka2 {[%clk 0:03:41]} 81. Be7 {[%clk 0:02:08]} 1/2-1/2